[Event "Regionalliga NO 0203"]
[Site "Bayern"]
[Date "2003.02.09"]
[Round "6.8"]
[White "Stuermer, Martin"]
[Black "Moroz, Grigorij"]
[Result "0-1"]
[WhiteElo "1831"]
[BlackElo "1913"]
[PlyCount "56"]
[EventDate "2002.10.20"]
[EventType "team-tourn"]
[EventRounds "9"]
[EventCountry "GER"]
[SourceTitle "EXT 2004"]
[Source "ChessBase"]
[SourceDate "2003.11.25"]
[SourceVersion "1"]
[SourceVersionDate "2003.11.25"]
[SourceQuality "1"]
[WhiteTeam "Postbauer Heng"]
[BlackTeam "Weiden"]
[WhiteTeamCountry "GER"]
[BlackTeamCountry "GER"]

1. Nf3 Nf6 2. c4 e6 3. e3 d5 4. d4 Be7 5. Nc3 Nbd7 6. Bd3 0-0 7. 0-0 a6 8. a3 c5 9. cxd5 exd5 10. dxc5 Nxc5 11. Bc2 Bg4 12. b4 Ne6 13. Ne2 Bxf3 14. gxf3 Ng5 15. Nd4 g6 16. e4 Ne6 17. e5 Nh5 18. Bh6 Re8 19. Ne2 Bg5 20. Bxg5 Qxg5+ 21. Ng3 Qxe5 22. Re1 Qg5 23. Bb3 Nhf4 24. Kh1 Rad8 25. Ra2 h5 26. Rg1 Nh3 27. Qc1 Nef4 28. Ne2 Nxf2# 0-1

[Event "Miercurea Ciuc Banc Post A1"]
[Site "Miercurea Ciuc"]
[Date "2002.09.01"]
[Round "9"]
[White "Stuermer, Martin"]
[Black "Fugulyan, Grigore"]
[Result "0-1"]
[WhiteElo "2052"]
[BlackElo "2087"]
[PlyCount "103"]
[EventDate "2002.08.26"]
[EventType "tourn"]
[EventRounds "9"]
[EventCountry "ROU"]
[SourceTitle "CBM 089 Extra"]
[Source "ChessBase"]
[SourceDate "2002.09.10"]
[SourceVersion "2"]
[SourceVersionDate "2002.09.10"]
[SourceQuality "1"]

1. Nf3 d6 2. c4 Nf6 3. d4 g6 4. Nc3 Bg7 5. e3 0-0 6. Be2 Nbd7 7. 0-0 e5 8. e4 c6 9. h3 Nh5 10. dxe5 dxe5 11. Re1 a5 12. Be3 Nf4 13. Bf1 Qe7 14. Qc1 Qf6 15. Ne2 Nxh3+ 16. Kh2 Nf4 17. Nxf4 exf4 18. Bd4 Qe7 19. Bxg7 Kxg7 20. Qxf4 Qf6 21. Qxf6+ Nxf6 22. Rad1 Bg4 23. Re3 Rad8 24. Be2 Rxd1 25. Bxd1 Rd8 26. Be2 Bxf3 27. Bxf3 Rd2 28. Rb3 g5 29. e5 Nd7 30. e6 fxe6 31. Rxb7 Kf6 32. Bxc6 Ne5 33. Be8 Nxc4 34. Rf7+ Ke5 35. Rxh7 Rxb2 36. a4 Rxf2 37. Kg3 Rd2 38. Ra7 Rd5 39. Bc6 Rc5 40. Bd7 Nd6 41. Kg4 Kf6 42. Ra6 Rc4+ 43. Kf3 g4+ 44. Ke3 Nf5+ 45. Kf2 g3+ 46. Ke1 Re4+ 47. Kf1 Nd4 48. Bb5 Nc2 49. Be2 Rxa4 50. Bf3 Nd4 51. Ke1 Ra1+ 52. Kd2 0-1

[Event "Miercurea Ciuc Banc Post A1"]
[Site "Miercurea Ciuc"]
[Date "2002.08.30"]
[Round "7"]
[White "Stuermer, Martin"]
[Black "Schmid, Siegfried"]
[Result "1/2-1/2"]
[WhiteElo "2052"]
[BlackElo "2241"]
[PlyCount "120"]
[EventDate "2002.08.26"]
[EventType "tourn"]
[EventRounds "9"]
[EventCountry "ROU"]
[SourceTitle "CBM 089 Extra"]
[Source "ChessBase"]
[SourceDate "2002.09.10"]
[SourceVersion "2"]
[SourceVersionDate "2002.09.10"]
[SourceQuality "1"]

1. Nf3 c5 2. c4 g6 3. Nc3 Bg7 4. e3 Nf6 5. Be2 Nc6 6. d4 cxd4 7. exd4 d5 8. 0-0 0-0 9. Ne5 dxc4 10. Nxc6 bxc6 11. Bxc4 Qd6 12. h3 Rb8 13. Bb3 Nd5 14. Ne4 Qb4 15. Be3 Ba6 16. Re1 Nxe3 17. fxe3 e5 18. Nc5 Bc8 19. Nd3 Qe7 20. dxe5 Rd8 21. Qc2 Bxe5 22. Nxe5 Qxe5 23. Qf2 Be6 24. Bxe6 Qxe6 25. b3 Rd7 26. Rad1 Rbd8 27. Rxd7 Rxd7 28. Qc2 Rd5 29. Qc4 Qd6 30. Rf1 Qc5 31. Qxc5 Rxc5 32. Rf4 Rc1+ 33. Kh2 a5 34. Kg3 Kf8 35. Ra4 Rc5 36. Kf4 Ke7 37. g4 h5 38. g5 Rf5+ 39. Ke4 Rxg5 40. Kd4 Kd6 41. a3 Re5 42. b4 axb4 43. axb4 Rb5 44. Ke4 g5 45. Kf3 Ke5 46. Ra6 Kd6 47. Ra7 Rf5+ 48. Ke4 Rf6 49. Ra5 Rg6 50. Kf3 g4+ 51. hxg4 Rxg4 52. Rxh5 Rxb4 53. Rh6+ Kd5 54. Rf6 Rb1 55. Ke2 Rb7 56. Kd3 Ra7 57. e4+ Kc5 58. Kc3 Ra3+ 59. Kc2 Ra7 60. Kc3 Re7 1/2-1/2